Pigeon vole - Statistiques

Statistiques générales
  • Ce quiz a été pris 21 fois
    18 depuis la dernière actualisation
  • Le résultat moyen est 88 sur 140
Statistiques - réponses
Hint Réponse % Correct
Coucou Oui
100%
Avion Oui
94%
Mouette Oui
94%
Corneille Oui
94%
Mésange Oui
94%
Fusée Oui
94%
Vautour Oui
94%
Colombe Oui
88%
Hélicoptère Oui
88%
Autruche Non
81%
Grue Oui
81%
Montgolfière Oui
81%
Libellule Oui
81%
Buse Oui
81%
Aigle Oui
81%
Guêpe Oui
81%
Faucon Oui
75%
Ovni Oui
75%
Alouette Oui
75%
Mouche Oui
75%
Hirondelle Oui
75%
Albatros Oui
75%
Chauve-souris Oui
75%
Fauvette Oui
75%
Flamant Rose Oui
75%
Rouge-gorge Oui
75%
Tourterelle Oui
75%
Cacatoès Oui
75%
Pic-vert Oui
75%
Ara Oui
75%
Paon Oui
75%
Aigle Oui
75%
Goéland Oui
75%
Moustique Oui
75%
Geai Oui
75%
Martin-pêcheur Oui
75%
Moucheron Oui
75%
Luciole Oui
75%
Manchot Non
69%
Plume Oui
69%
Bécassine Oui
69%
Epervier Oui
69%
Chardonneret Oui
69%
Abeille Oui
69%
Etourneau Oui
69%
Rossignol Oui
69%
Pinson Oui
69%
Bruant zizi Oui
69%
Héron Oui
69%
Perruche Oui
69%
Perdrix Oui
69%
Linotte Oui
69%
Caille Oui
69%
Hibou Oui
69%
Grillon Oui
69%
Aéronef Oui
69%
Drone Oui
69%
Frelon Oui
69%
Bourdon Oui
69%
Papillon Oui
69%
Busard Oui
69%
Cygne Oui
69%
Moineau Oui
69%
Colibri Oui
69%
Calao Oui
69%
Cygne Oui
69%
Ephémère Oui
69%
Martinet Oui
69%
Corbeau Oui
69%
Merle Oui
69%
Grive Oui
69%
Chouette Oui
69%
Deltaplane Oui
69%
Coccinelle Oui
69%
Parapente Oui
69%
Char à voile Non
63%
Araignée Non
63%
Pou Non
63%
Puce Non
63%
Mythe Non
63%
Bécasse Oui
63%
Urubu Oui
63%
Poule Oui
63%
Pélican Oui
63%
Pic Oui
63%
Hirondelle Oui
63%
Cigale Oui
63%
Coq Oui
63%
Serin Oui
63%
Canard Oui
63%
Parachute Oui
63%
Demoiselle Oui
63%
Sauterelle Oui
63%
Bécasseau à croupion blanc Oui
63%
Canari Oui
63%
Nandou Non
56%
Emeu Non
56%
Punaise de lit Non
56%
Lente Non
56%
Bergeronnette Oui
56%
Pintade Oui
56%
Huppe Oui
56%
Mainate Oui
56%
Ibis Oui
56%
Ulm Oui
56%
Criquet Oui
56%
Lusciniolle à moustache Oui
56%
Gendarme Non
50%
Coque Non
50%
Pique Non
50%
Dinde Oui
50%
Marabout Oui
50%
Faison Oui
50%
Echasse Oui
50%
Inséparable Oui
50%
Doryphore Oui
50%
Hanneton Oui
50%
Butor Oui
50%
Perce-oreille Oui
50%
Signe Non
44%
Pool Non
44%
Pingouin Oui
44%
Blatte Oui
44%
Seagal Non
38%
Haras Non
38%
Jet Non
38%
Pan Non
38%
Tarin Oui
38%
Mante religieuse Oui
38%
Cafard Oui
38%
Assiette Oui
38%
Kiwi Non
31%
Spatule blanche Oui
31%
Mite Oui
31%
Poule d'eau Non
25%
Cricket Non
25%
Cormoran Non
19%
Frégate Oui
19%
Serein Non
13%
Oie Non
6%
Aucun quiz correspondant
Distribution des résultats
% des personnes avec chaque résultat
Percentile par nombre de réponses
Votre historique - résultats
Vous n’avez pas pris ce quiz depuis la dernière actualisation